Principles of communications : systems, moducation, and noise /
This book is concerned with the theory of systems for the conveyance of information.
保存先:
| 第一著者: | |
|---|---|
| その他の著者: | |
| フォーマット: | 図書 |
| 言語: | English |
| 出版事項: |
New York :
John Wiley and Sons,
1995.
|
| 版: | 4th ed. |
| 主題: | |
| タグ: |
タグ追加
タグなし, このレコードへの初めてのタグを付けませんか!
|
| Thư viện lưu trữ: | Mạng thư viện Đại học Đà Nẵng |
|---|
| LEADER | 01047cam a2200361 i 4500 | ||
|---|---|---|---|
| 001 | 000047595 | ||
| 003 | 7285 | ||
| 005 | 20030402110849.0 | ||
| 008 | 010324|1995 vm 000 eng | ||
| 020 | |a 0471124966 | ||
| 040 | |a IRC |c IRC |d IRC | ||
| 041 | 0 | |a eng | |
| 082 | 1 | 4 | |a 621.382 |b ZI-R |
| 100 | 1 | |a Ziemer, Rodger E. | |
| 245 | 0 | 0 | |a Principles of communications : |b systems, moducation, and noise / |c R. E. Ziemer, W. H. Tranter. |
| 250 | |a 4th ed. | ||
| 260 | |a New York : |b John Wiley and Sons, |c 1995. | ||
| 300 | |a 802 p. ; |c 23cm. | ||
| 520 | 3 | |a This book is concerned with the theory of systems for the conveyance of information. | |
| 630 | 0 | 4 | |a Telecommunication systems. |
| 650 | 0 | 4 | |a Telecommunications. |
| 650 | 0 | 4 | |a Signal theory (Telecommunication) |
| 700 | 1 | |a Tranter, William H. | |
| OWN | |a DUT | ||
| 999 | |a From the UDN01 | ||
| TYP | |a Monograph | ||
| TYP | |a Printed language | ||
| 980 | |a Mạng thư viện Đại học Đà Nẵng | ||


